00343nam a2200145Ia 4500003000400000005001700004008004100021040000700062041000800069082001900077100001900096245004100115260003300156365000800189OSt20230524152019.0210423s2002 xx 000 0 und d cAL aeng a658 223bDIWM aDIWAN (Parag). aManagement principles and practices. aNew DelhibExcel Booksc2002 cINR